| 000 | 00616nam a2200181Ia 4500 | ||
|---|---|---|---|
| 001 | 7686 | ||
| 005 | 20260306160513.0 | ||
| 008 | 260306t2013||||xx |||||||||||||| ||spa|| | ||
| 041 | _aESP | ||
| 082 |
_a354.328 _bO65C |
||
| 100 |
_aMinisterio del Ambiente _eAUT |
||
| 245 | 0 | _aMetodología para el cálculo de las multas base y la aplicación de los factores agravantes y atenuantes a utilizar en la graduación de sanciones, de acuerdo a lo establecido en el artículo 6º del decreto supremo nº 007-2012-MINAM | |
| 260 | _c2013 | ||
| 300 |
_a _c |
||
| 650 | _aGEN | ||
| 654 | _aCIA | ||
| 942 |
_cLIB _dJUS _fJUS _2ddc _n |
||
| 999 |
_c7686 _d7686 |
||